| 000 | 00664nam a2200217 a 4500 | ||
|---|---|---|---|
| 001 | 19551 | ||
| 003 | CO-ViMGA | ||
| 008 | 141112s2004 ck r 000 u spa d | ||
| 020 | _a9706079645 | ||
| 040 |
_aCO-ViMGA _bspa _cCO-ViMGA |
||
| 082 | _a736.98 L177m | ||
| 100 | 1 |
_aLassus, Irene; Voituriez, Marie - Anne _95645 |
|
| 245 | 1 | 0 | _aManualidades Papel y Cartón |
| 260 |
_aMexico : _bMegaediciones |
||
| 300 | _a47 p. | ||
| 490 | _aIngenio y creatividad | ||
| 590 |
_aForma de adquisición : donación Libreria Temas y Libros 2005 - - Precio : _7.000 |
||
| 650 | 1 | 4 |
_aMANUALIDADES - PAPEL _95646 |
| 650 | 1 | 4 |
_aTRABAJOS MANUALES - PAPEL _95647 |
| 942 |
_2ddc _cBK |
||
| 999 |
_c10917 _d10917 |
||